Marketing căn bản

Sách cung cấp những kiến thức khái quát, cơ bản và có hệ thống về marketing (môi trường, mục tiêu, người tiêu dùng...), marketing mix (chiến lược sản phẩm, giá cả, phân phối, truyền thông, khuyến mãi...), và về marketing mở rộng (dịch vụ,...

Cur síos iomlán

Đã lưu trong:
Sonraí Bibleagrafaíochta
Príomhúdar: Nguyễn Xuân Quế...[et al.]
Formáid: Leabhar
Teanga:Undetermined
Foilsithe: Hà Nội Thống Kê 1998
Ábhair:
Clibeanna: Cuir Clib Leis
Gan Chlibeanna, Bí ar an gcéad duine leis an taifead seo a chlibeáil!
Thư viện lưu trữ: Trung tâm Học liệu Trường Đại học Cần Thơ
LEADER 00926nam a2200205Ia 4500
001 CTU_28595
008 210402s9999 xx 000 0 und d
020 |b 27.000đ 
082 |a 658.83 
082 |b M345 
100 |a Nguyễn Xuân Quế...[et al.] 
245 0 |a Marketing căn bản 
245 0 |c Nguyễn Xuân Quế...[et al.] 
260 |a Hà Nội 
260 |b Thống Kê 
260 |c 1998 
520 |a Sách cung cấp những kiến thức khái quát, cơ bản và có hệ thống về marketing (môi trường, mục tiêu, người tiêu dùng...), marketing mix (chiến lược sản phẩm, giá cả, phân phối, truyền thông, khuyến mãi...), và về marketing mở rộng (dịch vụ, quốc tế) 
650 |a marketing 
904 |i Minh, 990204 
980 |a Trung tâm Học liệu Trường Đại học Cần Thơ